000 00411nam a22001457a 4500
020 _a8121923883
082 _a004 NAG
100 _aNagpal, D.P.
245 _aComputer fundamentals: concepts, systems and applications
260 _aNew Delhi, India
_bS.Chand & Co. Ltd.
_c1999
300 _ax, 918 p.
_bill. ;
500 _aIncludes index.
650 _a1.Copmuter programming 2. Computer science
942 _cBK
999 _c12661
_d12661